Szczegóły MARC21

Historia filozofii starożytnej. T. 3, Systemy epoki hellenistycznej /

003 -Nazwa inst., której nr kontr. jest w polu 001 [,]
    • @
    • Nazwa instytucji, której n kontrolny jest w polu 001
    • NUKAT
005 -DATA I CZAS OSTATNIEJ MODYFIKACJI [,]
    • @
    • pole kontrolne
    • 20241231101707.0
020 -Międzynarod. znormalizowany nr książki - ISBN [ , ]
    • a
    • Numer ISBN
    • 8373631941 Find
    • q
    • Dopowiedzenie
    • do wyd. pol.
040 -Instytucja sporządzająca opis [ , ]
    • a
    • Instytucja, która sporządziła opis (NP)
    • LUBL KUL/MC
    • c
    • Instytucja, która sporządziła rekord (NP)
    • LUBL KUL/MC
    • d
    • Instytucja, która zmodyfikowała rekord (P)
    • LUBL KUL/MC
    • d
    • Instytucja, która zmodyfikowała rekord (P)
    • LUBL U/ABs
    • d
    • Instytucja, która zmodyfikowała rekord (P)
    • KR U/AW
041 -Język dokumentu [1, ]
    • a
    • Język tekstu (P)
    • polski
    • h
    • Język tekstu oryginalnego i/lub pośredniego (P)
    • włoski
    • h
    • Język tekstu oryginalnego i/lub pośredniego (P)
    • grecki, starożytny (do 1453)
942 -Rodzaj dokumentu [ , ]
    • c
    • Rodzaj dokumentu
    • Książka
100 -Hasło główne - nazwa osobowa [1, ]
    • a
    • Nazwa osobowa (NP)
    • Reale, Giovanni
    • d
    • Daty biograficzne (NP)
    • (1931-2014).
    • 9
    • KHW
    • 328469
240 -Tytuł ujednolicony [1,0]
    • a
    • Tytuł ujednolicony
    • Storia della filosofia antica
    • l
    • Język tekstu
    • (pol.)
    • 9
    • KHW
    • 532107
245 -Strefa tytułu i oznaczenia odpowiedzialności [1,0]
    • a
    • Tytuł
    • Historia filozofii starożytnej. Find
    • n
    • Oznaczenie części (P)
    • T. 3,
    • p
    • Nazwa części (P)
    • Systemy epoki hellenistycznej /
    • c
    • Pozostałe elementy strefy tytułu i oznaczenia odpowiedzialności (NP)
    • Giovanni Reale ; przeł. Edward Iwo Zieliński ; [cytaty grec. przeł. Marcin Podbielski] ; Katolicki Uniwersytet Lubelski. Wydział Filozofii.
246 -Wariant tytułu [3,0]
    • a
    • Tytuł (NP)
    • Systemy epoki hellenistycznej
246 -Wariant tytułu [1, ]
    • i
    • Tekst wyświetlany na ekranie monitora (NP)
    • Tyt. oryg.:
    • a
    • Tytuł (NP)
    • Storia della filosofia antica.
    • n
    • Numer części
    • T. 3,
    • p
    • Nazwa części
    • Sistemi dell'età ellenistica
250 -Strefa wydania [ , ]
    • a
    • Oznaczenie wydania (NP)
    • Dodruk uzupełniający.
260 -Strefa adresu wydawniczego [ , ]
    • a
    • Miejsce wydania (P)
    • Lublin :
    • b
    • Nazwa wydawcy (P)
    • Wydaw. KUL,
    • c
    • Data wydania (P)
    • 2004.
300 -Strefa opisu fizycznego [ , ]
    • a
    • Określenie formy książki i/lub objętość (NP)
    • 565 s., [1] k. map złoż. :
    • b
    • Oznaczenie ilustracji (NP)
    • il. ;
    • c
    • Format (NP)
    • 21 cm.
336 -Typ zawartości [ , ]
    • a
    • Termin opisujący typ zawartości
    • Tekst
    • b
    • Kod określający zawartość
    • txt
    • 2
    • Źródło (terminu i kodu)
    • rdacontent
337 -Typ mediów [ , ]
    • a
    • Tryb odtwarzania
    • Bez urządzenia pośredniczącego
    • b
    • Kod typu mediów
    • n
    • 2
    • Źródło (terminu i kodu)
    • rdamedia
338 -Typ/rodzaj nośnika [ , ]
    • a
    • Hasło opisujące typ nośnika
    • Wolumin
    • b
    • Kod typu nośnika
    • nc
    • 2
    • Źródło (terminu i kodu)
    • rdacarrier
500 -Uwaga ogólna [ , ]
    • a
    • Uwaga ogólna (NP)
    • Na s. red. ISBN wyd. wł.: 88-343-2572-9.
080 -Uniwersalna Klasyfikacja Dziesiętna [ , ]
    • a
    • Symbol klasyfikacji
    • 1(091)
    • 2
    • Identyfikator wydania tablic
    • UDC-P058
    • 9
    • UKD
    • 2362
    • b
    • Dopowiedzenie
    • Historia filozofii.
    • 4
    • UKD2
    • 8472
    • x
    • Poddział wspólny
    • (37)
    • c
    • Dopowiedzenie poddz. wspólnego
    • (Rzym starożytny. Italia).
    • 4
    • UKD2
    • 8457
    • x
    • Poddział wspólny
    • (38)
    • c
    • Dopowiedzenie poddz. wspólnego
    • (Grecja. Hellada).
650 -Hasło przedmiotowe [ ,7]
    • a
    • Hasło przedmiotowe
    • Filozofia hellenistyczna.
    • 2
    • Źródło terminu
    • kaba
    • 9
    • KHW
    • 108741
980 -Symbol UKD [ , ]
    • a
    • UKD
    • 1(091)(37)(38)
700 -Hasło dodatkowe - nazwa osobowa [1, ]
    • a
    • Nazwa osobowa (NP)
    • Podbielski, Marcin. Find
    • e
    • Określenie rodzaju współpracy
    • Tł.
    • 9
    • KHW
    • 532106
700 -Hasło dodatkowe - nazwa osobowa [1, ]
    • a
    • Nazwa osobowa (NP)
    • Zieliński, Edward Iwo Find
    • d
    • Daty biograficzne (NP)
    • (1939-2010).
    • e
    • Określenie rodzaju współpracy
    • Tł.
    • 9
    • KHW
    • 414519
710 -Hasło dodatkowe - nazwa ciała zbiorowego [2, ]
    • a
    • Nazwa ciała zbiorowego lub nazwa geograficzna jako pierwszy element (NP)
    • Katolicki Uniwersytet Lubelski.
    • b
    • Nazwa jednostki podrzędnej (P)
    • Wydawnictwo.
    • 4
    • Kod relacji
    • pbl
    • 9
    • KHW
    • 596013
856 -Dostęp do wersji elektronicznej [4,8]
    • 3
    • Wyszczególnienie materiału
    • Okładka
920 -ISBN [ , ]
    • a
    • ISBN
    • 83-7363-194-1 Find
    • q
    • Dopowiedzenie
    • do wyd. pol.
Status udost. Numer inwentarzowy Sygnatura Data inwentaryzacji Lokalizacja
1P.21771POL. Filozofia 072009-11-20BM
1SA.13713SA.137132005-10-05BSA